[Event "Turkish Bank Chess League 2012"]
[Site "Konya TUR"]
[Date "2012.07.15"]
[Round "5"]
[White "Emiroglu,C"]
[Black "Yurtseven,C"]
[Result "1/2-1/2"]
[WhiteElo "2278"]
[BlackElo "2323"]

1.e4 g6 2.d4 Bg7 3.Nc3 d6 4.Nf3 Nf6 5.Be2 O-O 6.O-O c5 7.dxc5 dxc5 8.e5 Ng4
9.Bg5 Nc6 10.Qxd8 Rxd8 11.Bb5 h6 12.Bxc6 hxg5 13.Be4 Nxe5 14.Nxg5 Bf5 15.Rad1 Bxe4
16.Ngxe4 b6 17.Nd5 Nc6 18.c3 Kf8  1/2-1/2

[Event "34th Oberwart Open A"]
[Site "Oberwart AUT"]
[Date "2012.07.15"]
[Round "9.22"]
[White "Sandhoefner,F"]
[Black "Gstach,Jakob"]
[Result "1/2-1/2"]
[WhiteElo "2228"]
[BlackElo "2087"]

1.e4 g6 2.d4 Bg7 3.Nc3 d6 4.f4 a6 5.Nf3 b5 6.Bd3 Nd7 7.O-O c5 8.dxc5 Nxc5
9.Be3 Bb7 10.Bxc5 dxc5 11.e5 Qb6 12.Be4 Bxe4 13.Nxe4 Nh6 14.Qe2 O-O 15.Rfd1 Rad8
16.Qe3 Rxd1+ 17.Rxd1 Rc8 18.Qd2  1/2-1/2

[Event "34th Oberwart Open A"]
[Site "Oberwart AUT"]
[Date "2012.07.15"]
[Round "9.25"]
[White "Meglitsch,K"]
[Black "Seifert,Mi"]
[Result "1/2-1/2"]
[WhiteElo "2052"]
[BlackElo "2159"]

1.e4 g6 2.d4 Bg7 3.Nc3 d6 4.f4 Nf6 5.Nf3 O-O 6.Be3 Nc6 7.Be2 Ng4 8.Bg1 e5
9.d5 Nb8 10.h3 Nf6 11.fxe5 dxe5  1/2-1/2

[Event "87th ch-Paris IdF Open"]
[Site "Paris FRA"]
[Date "2012.07.15"]
[Round "9.6"]
[White "Renet,O"]
[Black "Laurent,Ju"]
[Result "1-0"]
[WhiteElo "2472"]
[BlackElo "2301"]

1.e4 g6 2.d4 Bg7 3.Nc3 d6 4.Be3 a6 5.Qd2 b5 6.f3 Nd7 7.h4 h6 8.Rd1 Bb7 9.Nge2 c5
10.h5 g5 11.a3 cxd4 12.Nxd4 Be5 13.Nf5 Rc8 14.Bd4 Ngf6 15.Be2 Bxd4 16.Qxd4 Qb6
17.Kf2 Qxd4+ 18.Rxd4 Ne5 19.g4 Rc7 20.Rc1 Bc8 21.Ne3 Be6 22.a4 Nc6 23.Rdd1 b4
24.Ncd5 Bxd5 25.exd5 Nb8 26.a5 Rc5 27.Ra1 Kd7 28.Ra4 e6 29.dxe6+ fxe6 30.Rxb4 Kc7
31.Rc4 Nc6 32.Rxc5 dxc5 33.Bxa6 Nxa5 34.Ra1 Nc6 35.Bc4 Kd6 36.Ra6 Nd7 37.Bb5 Nb8
38.Ra8 Nd4 39.Bd3 Rf8 40.Be4 Nd7 41.Nc4+ Ke7 42.Ra7 Nb5 43.Rb7 Nd6 44.Nxd6 Kxd6
45.Ke3 Nf6 46.b3 Ke5 47.Bc6 Rc8 48.Rb6 Rc7 49.Ra6 Rf7 50.Ra5 Kd6 51.Ra6 Ke5
52.c3 Rf8 53.b4 cxb4 54.cxb4 Rb8 55.b5 Nd5+ 56.Kd2 Nc7 57.Ra7 Kd6 58.Ra5 Kc5
59.Ke3 Kb6 60.Ra3 Rf8 61.Ke4 Nxb5 62.Bxb5 Kxb5 63.Rc3 Kb4 64.Rc6 Rf4+ 65.Ke5 Rxf3
66.Rxe6 Rf4 67.Rxh6 Kc4 68.Rg6 Rxg4 69.Kf5 Rg1 70.Rxg5 Rh1 71.Kg6 Rb1 72.h6 Rb6+
73.Kh5 Rb7 74.Rg7 Rb5+ 75.Kg4 Rb6 76.h7 Rh6 77.Kg5 Rh1 78.Kg6  1-0

[Event "27th Gniota Memorial"]
[Site "Police POL"]
[Date "2012.07.15"]
[Round "5.7"]
[White "Franzen,Joz"]
[Black "Kula,R"]
[Result "0-1"]
[WhiteElo "2304"]
[BlackElo "2341"]

1.e4 g6 2.d4 Bg7 3.Nc3 d6 4.f4 Nf6 5.Nf3 O-O 6.Bd3 c5 7.dxc5 dxc5 8.e5 Nd5
9.Bd2 Nb4 10.Be4 f5 11.exf6 exf6 12.a3 f5 13.axb4 fxe4 14.Ne5 Bxe5 15.fxe5 cxb4
16.Nxe4 Qh4+ 17.Ng3 Nc6 18.Be3 Be6 19.Qd6 Qc4 20.Qc5 Qg4 21.Rf1 Rxf1+ 22.Kxf1 h5
23.Nh1 Rd8 24.Nf2 Qh4 25.Bh6 Qxh2 26.Re1 Kh7 27.Bg5 Rc8 28.Ne4 Kh8 29.Bf6+ Kg8
30.Qe3 Bc4+ 31.Kf2 Nxe5 32.Qg5 Rf8 33.Ke3 Ng4+ 34.Kd4 Bf7 35.Be7 Re8 36.Nd6 Qxg2
37.Nxf7 Qf2+ 38.Kd3 Qxf7 39.Bxb4 Qd7+  0-1

[Event "7th Nana Aleksandria Cup"]
[Site "Poti GEO"]
[Date "2012.07.15"]
[Round "2.3"]
[White "Gavasheli,A"]
[Black "Zarkua,D"]
[Result "1/2-1/2"]
[WhiteElo "2134"]
[BlackElo "2466"]

1.d4 g6 2.e4 Bg7 3.Nc3 d6 4.Be2 Nf6 5.Nf3 O-O 6.O-O c6 7.h3 b5 8.a3 Bb7 9.Be3 a6
10.Qd2 Nbd7 11.e5 Ne8 12.e6 fxe6 13.Ng5 Nc7 14.Bg4 Rf6 15.Nce4 Nf8 16.h4 Rf5
17.Bxf5 exf5 18.Nc3 h6 19.Nf3 Kh7 20.Ne2 Nd5 21.Nf4 e5 22.dxe5 dxe5 23.Nxd5 cxd5
24.c3 f4 25.Bxf4 exf4 26.Qxf4 Qf6 27.Qxf6 Bxf6 28.Rfe1 Kg7 29.g3 Kf7 30.Ne5+ Bxe5
31.Rxe5 Nd7 32.Re3 Re8 33.Rae1 Rxe3 34.Rxe3 Nb6 35.f3 Nc4 36.Re2 Bc8 37.g4 a5
38.Kg2 a4 39.Kg3 Be6 40.Kf4 Kf6 41.Rh2 Ke7 42.Kg3 Kd6 43.Re2 Bf7 44.Kf4 Be6
45.Kg3 Bc8 46.Kf4 Bd7 47.Kg3 Ne5 48.Kf4 Nd3+ 49.Ke3 Nc5 50.Rh2 Ne6 51.f4 Ng7
52.Rg2 Kc5 53.f5 Bxf5 54.gxf5 Nxf5+ 55.Kd3 Nxh4 56.Re2 g5 57.Re8 g4 58.Rc8+ Kd6
59.Rb8 Nf3 60.Ke3 Kc5 61.Rc8+ Kd6 62.Rh8 Ne5 63.Rxh6+ Kc5 64.Rh8 Nc4+ 65.Ke2 Nxb2
66.Rc8+ Kb6 67.Rb8+ Ka6 68.Ra8+ Kb7 69.Rg8 Nc4 70.Rxg4 Kb6 71.Rg8 Nxa3 72.Kd3 Nc4
73.Kd4 a3 74.Kxd5 a2 75.Rg6+ Ka5 76.Rg1 Ne3+ 77.Kc5 Nc2 78.Rg8 Ka4 79.Ra8+ Kb3
80.Rxa2 Kxa2 81.Kxb5  1/2-1/2

[Event "35th Taminco Open"]
[Site "Ghent BEL"]
[Date "2012.07.16"]
[Round "6.10"]
[White "Karasik,E"]
[Black "Schlueter,Y"]
[Result "1-0"]
[WhiteElo "2286"]
[BlackElo "2049"]

1.d4 d6 2.e4 g6 3.Nc3 Bg7 4.Be3 c6 5.Qd2 a5 6.h3 Na6 7.Nf3 Qc7 8.Be2 Bd7
9.O-O h5 10.Rfe1 f6 11.Bd3 O-O-O 12.Bxa6 bxa6 13.Qd3 Kb7 14.Nd2 Nh6 15.a4 Nf7
16.Rab1 Rb8 17.Na2 Ka7 18.b4 Bh6 19.f4 Bc8 20.d5+ Ka8 21.dxc6 e5 22.b5 exf4
23.Bd4 Ne5 24.Bxe5 dxe5 25.Nc3 Be6 26.Nd5 Bxd5 27.exd5 f5 28.Nc4 e4 29.Qf1 Bf8
30.b6 Bc5+ 31.Kh1 Bxb6 32.Nxb6+ Rxb6 33.Rxb6 Qxb6 34.Rb1 Qxb1 35.Qxb1 Rb8
36.Qf1  1-0

[Event "7th Nana Aleksandria Cup"]
[Site "Poti GEO"]
[Date "2012.07.16"]
[Round "4.8"]
[White "Minasyan,A"]
[Black "Zarkua,D"]
[Result "1/2-1/2"]
[WhiteElo "2204"]
[BlackElo "2466"]

1.e4 g6 2.d4 Bg7 3.Nc3 d6 4.Nf3 Nf6 5.h3 O-O 6.Be3 c6 7.a4 a5 8.Qd2 Re8 9.Be2 Na6
10.g4 Nb4 11.g5 Nd7 12.h4 d5 13.h5 Nb6 14.hxg6 hxg6 15.Nh4 dxe4 16.O-O-O Be6
17.b3 N6d5 18.Nxe4 Nxe3 19.Qxe3 Bd5 20.f4 e6 21.Nf3 Bxe4 22.Qxe4 b5 23.Ne5 bxa4
24.bxa4 Qb6 25.Bc4 Nd5 26.Rd3 Rab8 27.Bb3 Qb4 28.Nxc6 Qa3+ 29.Kd2 Rxb3 30.Rxb3 Qxa4
31.Ne5 Rd8 32.Rhb1 Bf8 33.c4 Bb4+ 34.Kd3 Ne7 35.Ng4 Nc6 36.Nf6+ Kg7 37.d5 Qa2
38.R1b2 Qa1 39.Rb1 Qa2 40.R3b2 Qa3+ 41.Rb3 Qa2 42.R3b2  1/2-1/2

[Event "5th Paleochora Open"]
[Site "Paleochora GRE"]
[Date "2012.07.17"]
[Round "2.10"]
[White "Persson,Andr"]
[Black "Zinchenko,Ya"]
[Result "1/2-1/2"]
[WhiteElo "2104"]
[BlackElo "2544"]

1.e4 g6 2.d4 Bg7 3.Nc3 d6 4.f4 a6 5.Nf3 b5 6.Bd3 Bb7 7.e5 Nd7 8.a4 b4 9.Ne4 c5
10.c3 Nh6 11.Neg5 cxd4 12.cxd4 Nb6 13.O-O O-O 14.a5 Nd5 15.Qe2 Bc8 16.Bc4 dxe5
17.fxe5 Kh8 18.Bd2 Nf5 19.Kh1 e6  1/2-1/2

[Event "7th Nana Aleksandria Cup"]
[Site "Poti GEO"]
[Date "2012.07.17"]
[Round "5.15"]
[White "Choladze,M"]
[Black "Zeynalov,F"]
[Result "0-1"]
[WhiteElo "1872"]
[BlackElo "2325"]

1.e4 g6 2.d4 Bg7 3.Nc3 d6 4.f4 Nf6 5.Nf3 O-O 6.Bd3 c5 7.e5 dxe5 8.dxe5 Nd5
9.Bd2 Nc6 10.O-O Rb8 11.Qe2 Ndb4 12.Be4 Nd4 13.Nxd4 cxd4 14.Nb5 Nc6 15.Qf2 f6
16.Bxc6 bxc6 17.Nxd4 Rxb2 18.Nxc6 Qd7 19.Bc3 Rb6 20.exf6 exf6 21.Nxa7 Re6
22.Nxc8 Rxc8 23.Bd4 Bf8 24.c3 Rec6 25.Rfd1 Rd8 26.Qf3 Qd5 27.Qxd5+ Rxd5 28.Rdb1 Bd6
29.g3 Kf7 30.a4 Bc5 31.Rb7+ Ke6 32.Rxh7 Rxd4 33.Kf1 Rd2 34.a5 Kf5 35.a6 Rf2+
36.Ke1 Re6+  0-1

[Event "Sparkassen Open A"]
[Site "Dortmund GER"]
[Date "2012.07.18"]
[Round "5.1"]
[White "Scheider,J"]
[Black "Podzielny,KH"]
[Result "1-0"]
[WhiteElo "2290"]
[BlackElo "2438"]

1.e4 g6 2.d4 Bg7 3.Nc3 d6 4.f4 Nf6 5.Nf3 O-O 6.Bd3 Na6 7.O-O c5 8.d5 Rb8
9.f5 b5 10.Nxb5 c4 11.Bxc4 Rxb5 12.Bxb5 Qb6+ 13.Nd4 Nd7 14.c3 Bxd4+ 15.Qxd4 Qxb5
16.Bh6 f6 17.Bxf8 Kxf8 18.fxg6 hxg6 19.b4 Qb7 20.a3 Ne5 21.Rac1 Qb6 22.Rfd1 Nc7
23.c4 Qa6 24.Rc3 Bd7 25.h3 g5 26.Rdc1 Kf7 27.Qe3 Kg6 28.Kh2 g4 29.Qf4 Ne8
30.Rg3 Ng7 31.hxg4 Qc8 32.c5 dxc5 33.Rxc5 Qb8 34.Kg1 Qd6 35.Rcc3 a5 36.bxa5 Qb8
37.a6 Qb1+ 38.Kh2 Qb8 39.Kg1 Qa7+ 40.Kh2 Kf7 41.g5 Qxa6 42.g6+  1-0

[Event "Corporation Centre Cup A"]
[Site "Izhevsk RUS"]
[Date "2012.07.18"]
[Round "4.28"]
[White "Dzhangobegov,V"]
[Black "Lykov,S"]
[Result "1-0"]
[WhiteElo "2360"]
[BlackElo "2150"]

1.e4 g6 2.d4 Bg7 3.Nc3 d6 4.Be3 a6 5.a4 Nf6 6.h3 O-O 7.Nf3 Nbd7 8.e5 Ne8
9.Bc4 Nb6 10.Bb3 a5 11.O-O c6 12.Ng5 Nc7 13.f4 Nbd5 14.Nxd5 cxd5 15.c4 f6
16.Nf3 Be6 17.exd6 Qxd6 18.c5 Qd7 19.g4 h5 20.Nh2 hxg4 21.hxg4 Na6 22.Bc2 Bf7
23.Qb1 Qe8 24.f5 gxf5 25.Bxf5 Nc7 26.Rf3 Ne6 27.Rh3  1-0

[Event "Turkish Bank Chess League 2012"]
[Site "Konya TUR"]
[Date "2012.07.18"]
[Round "8"]
[White "Zeytinoglu,N"]
[Black "Kerigan,D"]
[Result "0-1"]
[WhiteElo "2026"]
[BlackElo "2205"]

1.e4 g6 2.d4 d6 3.Nc3 Bg7 4.f4 Nf6 5.Nf3 O-O 6.Bd3 Na6 7.O-O c5 8.d5 Bg4
9.Bc4 Rb8 10.h3 Bxf3 11.Rxf3 Nc7 12.a4 a6 13.Qd3 b5 14.axb5 axb5 15.Nxb5 Nxb5
16.Bxb5 Nxe4 17.c3 Nf6 18.Bc6 Qc8 19.Rb1 e6 20.b4 Nxd5 21.Bxd5 exd5 22.Qxd5 cxb4
23.cxb4 Qc2 24.Qd3 Qa4 25.Bd2 Rfc8 26.f5 Qc2 27.fxg6 hxg6 28.Qxc2 Rxc2 29.Rd3 Ra8
30.b5 Raa2 31.Be3 Rxg2+ 32.Kf1 Rgb2 33.Rb3 Rh2 34.Bg1 Rh1 35.Rd3 Be5  0-1

[Event "Turkish Bank Chess League 2012"]
[Site "Konya TUR"]
[Date "2012.07.18"]
[Round "9"]
[White "Komut,K"]
[Black "Kerigan,D"]
[Result "1/2-1/2"]
[WhiteElo "1996"]
[BlackElo "2205"]

1.e4 g6 2.d4 d6 3.Nc3 Bg7 4.Be3 a6 5.Qd2 b5 6.O-O-O Bb7 7.f3 Nd7 8.h4 h5
9.Nh3 Ngf6 10.Nf2 c5 11.dxc5 dxc5 12.g4 hxg4 13.fxg4 b4 14.Nd5 Nxd5 15.exd5 Qa5
16.Kb1 Rd8 17.Bg5 Nb6 18.Qe1 Rd7 19.Ne4 Bxd5 20.Nd6+ Kf8 21.Nc4 Bxc4 22.Bxc4 Rxd1+
23.Qxd1 Nxc4 24.Qd5 Nd6 25.Qa8+ Ne8 26.Rd1 Qb5 27.Rd8 Rxh4 28.a4 Qf1+ 29.Ka2 b3+
30.cxb3 Bxb2 31.Kxb2 Rh2+ 32.Bd2 Qf4 33.Rxe8+ Kg7 34.Rg8+ Kf6 35.g5+ Qxg5
36.Qf3+ Ke5 37.Qc3+ Ke6 38.Rd8 Qe5 39.Qxe5+ Kxe5 40.Kc3 f5 41.Ra8 f4 42.Rxa6 g5
43.Rg6 Kf5 44.Rg8 e5 45.a5 Rh6 46.Rf8+ Ke4 47.Rg8 Kf5 48.Rf8+ Ke4 49.Rg8 Kf5
50.Rf8+ Ke4  1/2-1/2

[Event "Turkish Bank Chess League 2012"]
[Site "Konya TUR"]
[Date "2012.07.18"]
[Round "9"]
[White "Vatansever,Buse"]
[Black "Keskin,Suara"]
[Result "1-0"]
[WhiteElo "1615"]
[BlackElo "1718"]

1.e4 d6 2.d4 g6 3.Nc3 Bg7 4.f4 Nc6 5.Be3 e5 6.dxe5 dxe5 7.Qxd8+ Kxd8 8.O-O-O+ Bd7
9.Bc4 Nh6 10.Nf3 Ng4 11.Bc5 exf4 12.Bxf7 Kc8 13.Ne2 b6 14.Bg1 Nce5 15.Bb3 Rf8
16.Bd4 Bh8 17.Nxe5 Bxe5 18.Bxe5 Nxe5 19.Rdf1 g5 20.h4 Bg4 21.Nd4 h6 22.hxg5 hxg5
23.Be6+ Bxe6 24.Nxe6 Rg8 25.Rh5 Nf7 26.Rh7 Nd6 27.Nxc7 Rb8 28.Nd5 Kd8 29.e5 Rb7
30.Rfh1 Rxh7 31.Rxh7 Nf5 32.Rxa7 Nh6 33.Ra8+ Kd7 34.Nf6+ Ke6 35.Nxg8  1-0

[Event "Minsk Open 2012"]
[Site "Minsk BLR"]
[Date "2012.07.18"]
[Round "9.6"]
[White "Gorovets,A"]
[Black "Rozum,I"]
[Result "0-1"]
[WhiteElo "2448"]
[BlackElo "2486"]

1.d4 g6 2.e4 Bg7 3.Nc3 d6 4.Be3 a6 5.h4 h6 6.Qd2 b5 7.f3 Nd7 8.a4 b4 9.Nd1 c5
10.dxc5 dxc5 11.f4 e5 12.f5 Ngf6 13.fxg6 fxg6 14.Nf2 Bb7 15.Bd3 Qc7 16.b3 Nh5
17.Nf3 Nf4 18.O-O O-O-O 19.Ng4 h5 20.Ngh2 Nf6 21.Bxf4 exf4 22.Qe2 c4 23.bxc4 Ng4
24.Rab1 Qc5+ 25.Kh1 Ne3 26.Rf2 Rhe8 27.Ng5 Nf5 28.exf5 Rxe2 29.Rxe2 Rxd3
30.cxd3 Qxf5 31.Ne4 Bxe4 32.Rxe4 Bc3 33.Nf3 Qd7 34.d4 Qxa4 35.Rxf4 b3 36.Ne5 b2
37.Rf8+ Kc7 38.Rf7+ Kd6 39.c5+ Ke6 40.Rff1 Qxd4 41.Nxg6 Qg4 42.Nf4+ Kd7 43.Rbd1+ Kc6
44.Rd6+ Kxc5 45.Rxa6 Qxh4+ 46.Nh3 Qe4 47.Ng5 Qc4 48.Rf5+ Kb4 49.Rb6+ Ka4
50.Ne6 Qh4+ 51.Kg1 Bd4+  0-1

[Event "27th Gniota Memorial"]
[Site "Police POL"]
[Date "2012.07.18"]
[Round "8.10"]
[White "Pawlicz,Adam"]
[Black "Franzen,Joz"]
[Result "0-1"]
[WhiteElo "2079"]
[BlackElo "2304"]

1.e4 g6 2.d4 Bg7 3.Nc3 d6 4.Be3 a6 5.Qd2 b5 6.O-O-O Bb7 7.f3 Nd7 8.Nh3 Rc8
9.Nf2 c5 10.b3 Qa5 11.Kb2 Ngf6 12.g4 cxd4 13.Bxd4 h6 14.Nd5 Qxd2 15.Nxf6+ Nxf6
16.Rxd2 O-O 17.c4 b4 18.h4 Nd7 19.Bxg7 Kxg7 20.Nd3 a5 21.g5 hxg5 22.hxg5 Rh8
23.Rdh2 Nc5 24.Kc2 Rxh2+ 25.Rxh2 Ne6 26.Rg2 Rh8 27.Kd2 Rh5 28.Ke3 Rxg5 29.Rxg5 Nxg5
30.c5 Ne6 31.cxd6 exd6 32.e5 dxe5 33.Nxe5 Kf6 34.Nc4 Ba6 35.Ke4 a4 36.bxa4 Nc5+
37.Kd4 Nxa4 38.Bd3 Nc3 39.Kc5 Nxa2 40.Bc2 Bxc4 41.Kxc4 Ke5 42.Ba4 g5 43.Be8 f5
44.Bd7 Kf4 45.Bc8 Nc1 46.Kxb4 Nd3+ 47.Kc3 Ne5 48.Kd2 Nxf3+ 49.Ke2 g4 50.Kf1 Nd2+
51.Kg2 Nc4 52.Bd7 Ne3+ 53.Kg1 Kg3 54.Bc6 f4 55.Bb5 f3 56.Kh1 f2 57.Bf1 Kf3
58.Bh3 gxh3 59.Kh2 Kf4  0-1

[Event "2nd Science Park Open A"]
[Site "Amsterdam NED"]
[Date "2012.07.19"]
[Round "6"]
[White "De Saegher,C"]
[Black "Richardson,Kei"]
[Result "1-0"]
[WhiteElo "2208"]
[BlackElo "2126"]

1.e4 g6 2.d4 Bg7 3.Nc3 d6 4.Be3 a6 5.Qd2 b5 6.h4 h5 7.f3 Nd7 8.Nh3 Bb7 9.Ng5 Ngf6
10.O-O-O O-O 11.g4 e6 12.gxh5 Nxh5 13.Rg1 Qe7 14.Bh3 Ndf6 15.Ne2 e5 16.d5 Bc8
17.Kb1 Bxh3 18.Nxh3 Rfc8 19.Bg5 c6 20.Ng3 Nxg3 21.Rxg3 cxd5 22.Bxf6 Qxf6
23.Qxd5 Ra7 24.h5 Rc5 25.Qxd6 Qxd6 26.Rxd6 gxh5 27.Ng5 Kf8 28.Nh7+ Ke7 29.Rb6 Bf8
30.Nf6 Rc8 31.Nd5+ Kd7 32.Rf6 Ke8 33.Rf5 Bc5 34.Rg8+ Kd7 35.Rxf7+ Kd6 36.Rg6+  1-0

[Event "ch-SUI Hauptturnier 1 2012"]
[Site "Flims SUI"]
[Date "2012.07.19"]
[Round "8"]
[White "Grinfeld,A"]
[Black "Schweizer,Simon"]
[Result "1-0"]
[WhiteElo "2253"]
[BlackElo "1990"]

1.e4 g6 2.d4 Bg7 3.Nc3 d6 4.Be3 a6 5.Qd2 b5 6.a3 Bb7 7.f3 Nd7 8.h4 h5 9.Nh3 c5
10.Ng5 Rc8 11.Be2 Ngf6 12.d5 O-O 13.g4 Nb6 14.gxh5 Nxh5 15.Rg1 b4 16.Nd1 bxa3
17.Rxa3 Nf6 18.Bxa6 Bxa6 19.Rxa6 Nc4 20.Qe2 Nxe3 21.Nxe3 Nh5 22.c3 Rb8 23.Qc2 Nf4
24.Nc4 Qc7 25.Rg4 Be5 26.Kd2 Rb5 27.Qa4 Rfb8 28.Kc2 Qb7 29.Qa2 Kf8 30.Ra7 Qc8
31.Qa4 Qd8 32.Qa6 Rb3 33.Qc6 R3b5 34.Rg1 Bg7 35.Rga1 Ng2 36.Rd7 Qe8 37.Raa7 Nxh4
38.Rxe7  1-0

[Event "Turkish Bank Chess League 2012"]
[Site "Konya TUR"]
[Date "2012.07.19"]
[Round "10"]
[White "Ali Marandi,C"]
[Black "Arat,Uf"]
[Result "1/2-1/2"]
[WhiteElo "2394"]
[BlackElo "2139"]

1.e4 g6 2.d4 Bg7 3.Nc3 d6 4.Bg5 Nf6 5.Qd2 h6 6.Bh4 g5 7.Bg3 Nh5 8.O-O-O Nc6
9.Nge2 e6 10.f3 Nxg3 11.hxg3 Bd7 12.f4 Qf6 13.e5 dxe5 14.fxe5 Qe7 15.Ne4 O-O-O
16.N2c3 Be8 17.Qe3 f6 18.exf6 Bxf6 19.Nxf6 Qxf6 20.d5 Qe5 21.Qxe5 Nxe5 22.Re1 Ng4
23.Be2 Ne3 24.dxe6 Nxg2 25.e7 Rd7 26.Bg4 Nxe1 27.Rf1 h5 28.Be6 Rh7 29.Nd5 Ng2
30.Bxd7+ Kxd7 31.Nf6+ Kxe7 32.Nxh7 g4 33.Nf6 Ne3 34.Ng8+ Kd8 35.Rf4 Bg6 36.Kd2 Nf5
37.Nf6 Nxg3 38.Ke1 Nf5 39.Nxh5 Nh4 40.Rf8+ Ke7 41.Rh8 Nf3+ 42.Kf2 Bxc2 43.Ke3 Ne5
44.Ng3 Bb1 45.a3 Nc4+ 46.Kd4 Nxb2 47.Ra8 b6 48.Rxa7 Kd7 49.Nh5 Ba2 50.Nf6+ Kc8
51.Ne8 Nc4 52.Kc3 g3 53.Rxc7+ Kd8 54.Rg7 Kxe8 55.Rxg3 Nd6 56.Kb4  1/2-1/2

[Event "5th Paleochora Open"]
[Site "Paleochora GRE"]
[Date "2012.07.19"]
[Round "5.12"]
[White "Iordanidou,Z"]
[Black "Maiorov,N1"]
[Result "1-0"]
[WhiteElo "2143"]
[BlackElo "2574"]

1.e4 g6 2.d4 Bg7 3.Nc3 d6 4.Be3 a6 5.Qd2 b5 6.f3 Nd7 7.h4 h5 8.Nh3 Bb7 9.Ng5 e6
10.Be2 Ngf6 11.O-O Qe7 12.Nd1 e5 13.d5 c6 14.c4 O-O 15.dxc6 Bxc6 16.Nc3 Rfb8
17.Rfc1 Bf8 18.cxb5 axb5 19.Bd1 Nb6 20.Bxb6 Rxb6 21.Bb3 Bh6 22.Qf2 Rba6 23.Bxf7+ Kg7
24.Bb3 b4 25.Nd1 d5 26.Qc5 Qd7 27.exd5 Bxd5 28.Qxb4 Qa7+ 29.Kh2 Rb8 30.Qc3 Rc6
31.Qxe5 Re8 32.Qg3 Bxg5 33.Rxc6 Bxc6 34.hxg5 Ng4+ 35.fxg4 hxg4 36.Qc3+ Kh7
37.Qxc6 Re1 38.Ne3 Qb8+ 39.g3 Re2+ 40.Ng2  1-0

[Event "7th Nana Aleksandria Cup"]
[Site "Poti GEO"]
[Date "2012.07.19"]
[Round "8.12"]
[White "Oleksienko,M"]
[Black "Gamzardia,G"]
[Result "1-0"]
[WhiteElo "2547"]
[BlackElo "2118"]

1.e4 g6 2.d4 Bg7 3.Nc3 d6 4.f4 Nf6 5.Nf3 O-O 6.Bd3 Na6 7.O-O c5 8.d5 Nc7
9.a4 a6 10.Kh1 Bd7 11.a5 Nb5 12.Bd2 e6 13.dxe6 fxe6 14.Na4 c4 15.Bxc4 Nxe4
16.Be3 Rc8 17.Bd3 Nc5 18.Nxc5 dxc5 19.Ne5 Bc6 20.Qg4 Qe7 21.Rae1 Nd6 22.Bc1 Be8
23.c4 Rd8 24.Nf3 Nf5 25.Be4 Qc7 26.Ng5 Bd7 27.Qh3 h6 28.Nf3 Bc6 29.Bxc6 Qxc6
30.Ne5 Bxe5 31.Rxe5 Rd4 32.Qg4 Kh7 33.Qe2 Kg7 34.Kg1 Rf6 35.b3 Qd6 36.Re4 Rf7
37.Re5 Rf6 38.g3 Rd3 39.Re3 Rxe3 40.Bxe3 e5 41.Rd1 Qc7 42.Qd2  1-0

[Event "Sparkassen Open A"]
[Site "Dortmund GER"]
[Date "2012.07.20"]
[Round "7.4"]
[White "Zatonskih,V"]
[Black "Podzielny,KH"]
[Result "1/2-1/2"]
[WhiteElo "2276"]
[BlackElo "2438"]

1.e4 g6 2.d4 Bg7 3.Nc3 d6 4.Nf3 a6 5.a4 Nc6 6.Be3 Bg4 7.Be2 e5 8.dxe5 Bxf3
9.Bxf3 Bxe5 10.Qd2 Nf6 11.O-O O-O 12.Nd5 Re8 13.Bg5 Nd4 14.Nxf6+ Bxf6 15.Qxd4 Bxg5
16.c3  1/2-1/2

[Event "Turkish Bank Chess League 2012"]
[Site "Konya TUR"]
[Date "2012.07.20"]
[Round "11"]
[White "Firat,B"]
[Black "Mchedlishvili,M"]
[Result "1/2-1/2"]
[WhiteElo "2408"]
[BlackElo "2656"]

1.e4 d6 2.d4 g6 3.Nc3 Bg7 4.Be3 c6 5.Nf3 Nd7 6.h3 e5 7.d5 c5 8.Nd2 Ne7 9.Nc4 Nb6
10.Nxb6 axb6 11.Bb5+ Bd7 12.Bxd7+ Qxd7 13.a4 f5 14.f3 Bf6 15.Qd3 Bh4+ 16.Kd2 O-O
17.Ra3 f4 18.Bg1 Ra6 19.Ke2 Rfa8 20.Bf2 Bxf2 21.Kxf2 g5 22.h4 gxh4 23.Rxh4 Ng6
24.Rh5 Kh8 25.Qf1 Kg8 26.Qh1 b5 27.Nxb5 Rxa4 28.c4 R8a6 29.Qc1 Qd8 30.Qc2 R4a5
31.Ke2 Kg7 32.Qd1 Kg8 33.Qh1 Qd7 34.Kd2 Rxb5 35.Rxa6 Rxb2+ 36.Kc3 bxa6 37.Kxb2 Qa4
38.Qc1 Qb4+ 39.Ka2 Qa4+ 40.Kb2 Qb4+ 41.Ka2 Qa4+ 42.Kb2  1/2-1/2

[Event "Turkish Bank Chess League 2012"]
[Site "Konya TUR"]
[Date "2012.07.20"]
[Round "11"]
[White "Cmilyte,V"]
[Black "Solak,D"]
[Result "1/2-1/2"]
[WhiteElo "2525"]
[BlackElo "2589"]

1.d4 d6 2.e4 g6 3.Nc3 Bg7 4.Nf3 a6 5.a4 Nf6 6.Be2 O-O 7.O-O Nc6 8.h3 d5 9.exd5 Nxd5
10.Ne4 Nf6 11.Nxf6+ Bxf6 12.c3 e5 13.dxe5 Nxe5 14.Bf4 Nxf3+  1/2-1/2

[Event "23rd Czech Open A"]
[Site "Pardubice CZE"]
[Date "2012.07.20"]
[Round "1"]
[White "Tjurin,A"]
[Black "Shanava,K"]
[Result "0-1"]
[WhiteElo "2302"]
[BlackElo "2578"]

1.e4 g6 2.d4 Bg7 3.Nc3 d6 4.g3 Nf6 5.Bg2 O-O 6.Nge2 e5 7.h3 exd4 8.Nxd4 Bd7
9.O-O Nc6 10.Be3 Re8 11.Re1 a6 12.Nxc6 Bxc6 13.Bd4 Re6 14.Qd2 Qd7 15.Re2 Rae8
16.Rae1 b5 17.b4 Bb7 18.f4 Qc8 19.Qd3 h5 20.e5 dxe5 21.Bxe5 Bxg2 22.Kxg2 c5
23.bxc5 Qxc5 24.Bxf6 Rxe2+ 25.Rxe2 Rxe2+ 26.Qxe2 Bxf6 27.Ne4 Qc6 28.g4 Bg7
29.f5 gxf5 30.gxf5 Qd5 31.f6 Bh6 32.Kg3 Qe5+ 33.Kh4 Bg5+ 34.Kxh5 Be3+  0-1

[Event "2nd Science Park Open A"]
[Site "Amsterdam NED"]
[Date "2012.07.21"]
[Round "8"]
[White "Weber,Me"]
[Black "Richardson,Kei"]
[Result "1/2-1/2"]
[WhiteElo "2045"]
[BlackElo "2126"]

1.e4 g6 2.d4 Bg7 3.Nc3 d6 4.Be3 a6 5.Qd2 b5 6.h4 h5 7.O-O-O Bb7 8.f3 Nd7
9.Nh3 Ngf6 10.Ng5 e6 11.Bd3 Qe7 12.a3 Rc8 13.f4 Ng4 14.Rhe1 Nxe3 15.Qxe3 O-O
16.Kb1 c5 17.e5 cxd4 18.Qxd4 dxe5 19.fxe5 Nc5 20.Be4 Nxe4 21.Ngxe4 Bxe4 22.Qxe4 Rc4
23.Rd4 Rfc8 24.g3 Rxd4 25.Qxd4 Qc5 26.Qd7 Qc7 27.Qd6  1/2-1/2

[Event "27th Avoine Open"]
[Site "Avoine FRA"]
[Date "2012.07.21"]
[Round "1.17"]
[White "Payen,Ar"]
[Black "Gros,P"]
[Result "1/2-1/2"]
[WhiteElo "2351"]
[BlackElo "2032"]

1.d4 g6 2.e4 Bg7 3.Nc3 d6 4.Be3 a6 5.a4 b6 6.h3 Bb7 7.g4 h5 8.g5 Nd7 9.Qd2 e6
10.Bg2 Ne7 11.Nge2 O-O 12.O-O d5 13.a5 bxa5 14.exd5 exd5 15.Na4 Nb6 16.b3 Nxa4
17.Rxa4 Nf5 18.Bf4 Nh4 19.Rxa5 Nxg2 20.Kxg2 Qd7 21.c3 Bc8 22.Ng1 Rb8 23.b4 Rb6
24.Rc5 Rc6 25.Rxc6 Qxc6 26.Re1 Be6 27.Re3 Ra8 28.Qa2 Qb6 29.Re1 a5 30.Qa4 Qb7
31.bxa5 c5 32.Nf3 Qc8 33.Rh1 cxd4 34.cxd4  1/2-1/2

[Event "23rd Czech Open A"]
[Site "Pardubice CZE"]
[Date "2012.07.21"]
[Round "2.78"]
[White "Yankelevich,L"]
[Black "Tate,A"]
[Result "1-0"]
[WhiteElo "2147"]
[BlackElo "2346"]

1.e4 g6 2.d4 Bg7 3.Nc3 d6 4.Nf3 a6 5.Be3 b5 6.Bd3 Bb7 7.Ne2 Nd7 8.O-O Ngf6
9.Ng3 O-O 10.h3 c5 11.c3 cxd4 12.cxd4 Nb6 13.b3 Rc8 14.Rc1 Rxc1 15.Qxc1 Qa8
16.d5 Rc8 17.Qd2 Nbd7 18.a4 bxa4 19.b4 a5 20.b5 Nc5 21.Bb1 Nfd7 22.Qa2 Nb3
23.Ne2 Ndc5 24.Nfd4 e6 25.Nc6 Re8 26.Nf4 Bc8 27.Nd3 Nxe4 28.Qxa4 Nbd2 29.Bxd2 Nxd2
30.Rd1 Nxb1 31.Rxb1 Bb7 32.Nf4 Kh8 33.dxe6 fxe6 34.Re1 Qc8 35.Nxa5 e5 36.b6 Re7
37.Nxg6+ hxg6 38.Qh4+ Kg8 39.Qxe7 Qc3 40.Rf1  1-0

[Event "30th Andorra Open"]
[Site "Andorra la Vella AND"]
[Date "2012.07.22"]
[Round "2.19"]
[White "Hoffmeister,F GER"]
[Black "Norwood,D"]
[Result "1/2-1/2"]
[WhiteElo "2185"]
[BlackElo "2494"]

1.d4 g6 2.e4 Bg7 3.Nc3 d6 4.Be2 a6 5.a4 Nf6 6.h4 h5 7.Nf3 O-O 8.Ng5 Nc6 9.Be3 e5
10.dxe5 Nxe5 11.f3 Bd7 12.a5 Bc6 13.Nd5 Bxd5 14.exd5 Re8 15.Kf2 Qd7 16.Ra3 Re7
17.Re1 Rae8 18.Qd2 Qf5 19.Kg1 c6 20.dxc6 Nxc6 21.Bf2 d5 22.b4 Nh7 23.Bc5 Nxg5
24.Bxe7 Nh3+ 25.Kh2 Be5+ 26.g3 Nf4 27.Bf1 Rxe7 28.Rxe5 Qxe5 29.gxf4 Qe1 30.Qxe1 Rxe1
31.b5 Rxf1 32.bxc6 bxc6 33.Rc3 d4 34.Rxc6 Rxf3 35.Rxa6 Rxf4 36.Ra8+ Kg7 37.Kg3 Rg4+
38.Kh3 Re4 39.Kg3 Re3+ 40.Kf4 Rc3 41.Rd8 Rxc2 42.Rxd4 Ra2 43.Rd5 Ra4+ 44.Kg3 Ra3+
45.Kg2 Kf6 46.Rb5 Ke6 47.Kh2 Rd3 48.Rb4 Ra3 49.Rb5 Kd6 50.Kg2 Ra4 51.Kg3 Rg4+
52.Kh3 Rc4 53.Rb7 Rc7 54.Rb6+ Kd5 55.a6 Rc3+ 56.Kg2 Ra3 57.Rf6 Ke5 58.Rxf7 Rxa6
59.Kg3 Ra3+ 60.Kg2 Ra4 61.Kg3 Rg4+ 62.Kh3 Rf4 63.Ra7 Rf3+ 64.Kg2 Rd3 65.Rf7  1/2-1/2

[Event "27th Avoine Open"]
[Site "Avoine FRA"]
[Date "2012.07.22"]
[Round "2.45"]
[White "Peyre,T"]
[Black "Froment,T"]
[Result "1-0"]
[WhiteElo "2072"]
[BlackElo "1901"]

1.e4 g6 2.d4 Bg7 3.Nc3 d6 4.Be3 a6 5.a4 b6 6.Bc4 Bb7 7.Nge2 Nd7 8.f4 Ngf6
9.Ng3 h5 10.Qf3 Rc8 11.f5 h4 12.Nge2 gxf5 13.Qxf5 Rh5 14.Qf3 c5 15.O-O Rh8
16.Bd5 Bxd5 17.Nxd5 cxd4 18.Nxd4 Ne5 19.Qe2 Nxe4 20.Nf5 Ng3 21.hxg3 hxg3
22.Nxg7+ Kd7 23.Nh5 Rxc2 24.Qxc2 Rxh5 25.Qc7+ Qxc7 26.Nxc7 Kxc7 27.Rac1+ Kb7
28.Bf4 Nd3 29.Rc3 Nxb2 30.Bxg3 f5 31.Rfc1 a5 32.Rc7+ Ka6 33.Rxe7 d5 34.Rd7 Rg5
35.Be5 Nxa4 36.Rxd5 f4 37.Rcd1 f3 38.g3 Nc5 39.Bd6 Rg6 40.Bxc5 bxc5 41.Rd6+ Rxd6
42.Rxd6+ Kb5 43.g4 a4 44.g5 c4 45.g6 c3 46.Rd1 Kb4 47.g7 c2 48.Rf1 Kb3 49.g8=Q+ Kb2
50.Qg7+ Ka2 51.Ra1+ Kb3 52.Qb7+ Kc3 53.Qxf3+ Kd2 54.Qf2+ Kc3 55.Rc1  1-0